Statistics for Hitman: World of Assassination - Main Missions

Click here to take the quiz!

General Stats

  • This quiz has been taken 17 times
  • The average score is 16 of 24

Answer Stats

GameLocationMission% Correct
Hitman (2016)Bangkok, ThailandClub 27
92%
Hitman (2016)Colorado, USAFreedom Fighters
92%
Hitman 3Berlin, GermanyApex Predator
83%
Hitman 3Dartmoor, EnglandDeath in the Family
83%
Hitman 3Dubai, United Arab EmiratesOn Top of the World
83%
Hitman 2Santa Fortuna, ColombiaThree-Headed Serpent
83%
Hitman (2016)Marrakesh, MoroccoA Gilded Cage
75%
Hitman 2Whittleton Creek, USAAnother Life
75%
Hitman (2016)Hokkaido, JapanSitus Inversus
75%
Hitman (2016)Paris, FranceThe Showstopper
75%
Hitman 2Mumbai, IndiaChasing a Ghost
67%
Hitman (2016)ICA Facility, Classified, GreenlandFreeform Training
67%
Hitman 2Hawke's Bay, New ZealandNightcall
67%
Hitman 2Miami, USAThe Finish Line
67%
Hitman (2016)Sapienza, ItalyThe World of Tomorrow
67%
Hitman 3Chongqing, ChinaEnd of an Era
58%
Hitman 2New York, USAGolden Handshake
50%
Hitman 2Isle of Sgail, Arctic SeaThe Ark Society
50%
Hitman (2016)ICA Facility, Classified, GreenlandThe Final Test
50%
Hitman 2Haven Island, MaldivesThe Last Resort
50%
Hitman 3Carpathian Mountains, RomaniaUntouchable
50%
Hitman (2016)ICA Facility, Classified, GreenlandGuided Training
33%
Hitman 3Mendoza, ArgentinaThe Farewell
33%
Hitman 3Ambrose Island, Andaman SeaShadows in the Water
25%

Score Distribution

Percentile by Number Answered

Percent of People with Each Score

Your Score History

You have not taken this quiz